| 000 | 00924nmc a2200337 a 4500 | ||
|---|---|---|---|
| 003 | AR-BaBNM | ||
| 005 | 20251128203251.0 | ||
| 008 | 267019s1976 ||||||||||||||000 | spa|| | ||
| 040 | _cAR-BaBNM | ||
| 100 | 1 | _aHeintz, Peter | |
| 245 | 1 | 0 |
_aCurso de sociología _balgunos sistemas de hipótesis o teorías de alcance medio |
| 250 | _a5ª ed. | ||
| 260 |
_aBuenos Aires _bEudeba _c1976 |
||
| 300 | 1 | _axxviii, 257 p. | |
| 490 | 0 | _aManuales. Sociología | |
| 500 | 0 | _aIndice alfabético: p. 255-257 | |
| 504 | _aBibliografía: p. 253-254 | ||
| 650 | 4 | _aESTUDIOS CULTURALES | |
| 650 | 4 | _aSOCIOLOGIA | |
| 650 | 4 | _aFAMILIA | |
| 650 | 4 | _aMODA | |
| 650 | 4 | _aCOSTUMBRES Y TRADICIONES | |
| 650 | 4 | _aMIGRACION DE PERSONAS | |
| 650 | 4 | _aPERSONALIDAD | |
| 650 | 4 | _aDELINCUENCIA JUVENIL | |
| 650 | 4 | _aBUROCRACIA | |
| 650 | 4 | _aCONFLICTO CULTURAL | |
| 650 | 4 | _aPROBLEMAS SOCIALES | |
| 942 | _cBK | ||
| 998 | _cSILVI | ||
| 999 |
_c2635 _d2635 |
||